Statistics for US States Without Letter N In Their Name

Click here to take the quiz!

General Stats

  • This quiz has been taken 202 times
  • The average score is 15 of 17

Answer Stats

Answer% Correct
Florida
99%
Alaska
94%
Texas
94%
Ohio
94%
Georgia
92%
Idaho
89%
Iowa
88%
Hawaii
88%
Utah
88%
Alabama
87%
Mississippi
86%
Delaware
81%
Colorado
79%
Missouri
78%
South Dakota
78%
Oklahoma
72%
Massachusetts
68%

Score Distribution

Percentile by Number Answered

Percent of People with Each Score

Your Score History

You have not taken this quiz